00562nam a22001577a 450000500170000001000150001702000260003203500130005803700130007108200080008424501420009226000400023427000670027430000310034170000320037220160701150625.0 aENG-115352 a9789385493386c315.00 aEN-98884 bDBAD/PUB a000 aIBPS-CWE :b (Fifteen) 15 practice papers for clerk recruitment examination 2015 (Pre-Cum-Mains) /cedited by Kunwar Ishwar Singh Rathore aNew DelhibRathore Publishersc2016 a202,2nd Floor,4832/24,Ansari Road,DaryaganjbNew Delhie110002 avarious Pagingsc24cm(pbk) aRathore,Kunwar Ishwar Singh